Fr. Conceicao Rodrigues College of Engineering

Introductin to VLSI Circuits and Systems (Record no. 34402)

MARC details
000 -LEADER
fixed length control field 00345nam a2200157Ia 4500
082 ## - DEWEY DECIMAL CLASSIFICATION NUMBER
Classification number 621.395/UYE
Item number UYE
100 ## - MAIN ENTRY--PERSONAL NAME
Personal name Uyemura
245 ## - TITLE STATEMENT
Title Introductin to VLSI Circuits and Systems
260 ## - PUBLICATION, DISTRIBUTION, ETC.
Name of publisher, distributor, etc. Wiley student ed.
Place of publication, distribution, etc. New Delhi
Date of publication, distribution, etc. 2002
366 ## - TRADE AVAILABILITY INFORMATION
Publishers's discount category 20
300 ## - PHYSICAL DESCRIPTION
Extent 642
546 ## - LANGUAGE NOTE
Language note ENGLISH
650 ## - SUBJECT ADDED ENTRY--TOPICAL TERM
Topical term or geographic name entry element VLSI
654 ## - SUBJECT ADDED ENTRY--FACETED TOPICAL TERMS
Focus term VLSI
942 ## - ADDED ENTRY ELEMENTS (KOHA)
Koha item type BOOK
Holdings
Withdrawn status Lost status Damaged status Not for loan Collection Home library Current library Shelving location Date acquired Source of acquisition Cost, normal purchase price Total Checkouts Full call number Barcode Date last seen Cost, replacement price Price effective from Koha item type
        CRC Fr. Agnel's C.Rodrigues College of Engineering Fr. Agnel's C.Rodrigues College of Engineering   17/03/2023 Professioal Book House 359.20   621.395/UYE UYE 16641 17/03/2023 379.20   BOOK